00588cam a22002051 4500001001300000003000400013005001700017008004100034010001700075035002000092040001700112042001200129050001500141100002200156245008000178260004200258300002600300651003900326999001700365ne 64003388 DLC20260227111808.0930216s1964 tu a 000 0 tur  ane 64003388  a(OCoLC)27451807 aDLCcCUdDLC apremarc00aHC405b.O31 aÖlçen, Nejat.10aTürkiyede Plân sonrası iktisadı̂ durgunluk ve sebepleri;b[inceleme] aAnkara,bAyyıldız Matbaası,c1964. a32 p.billus.c20 cm. 0aTurkeyxEconomic conditionsy1918- c47722d47722